000 00589nam a2200181Ia 4500
008 090630s9999 xx 000 0 und d
082 _b16715
100 _aसावंत शिवाजी.
245 _aमृत्युंजय.
_cसावंत शिवाजी.
260 _bकॉन्टीनेंटल.
300 _a0
600 _aसावंत शिवाजी.
630 _aमृत्युंजय.
655 _aकादंबरी.
700 _aसावंत शिवाजी.
730 _aमृत्युंजय.
942 _cBOOK
999 _c268571
_d268571